| 000 | 00592nam a22002177a 4500 | ||
|---|---|---|---|
| 999 |
_c24561 _d24561 |
||
| 003 | OSt | ||
| 005 | 20210208123214.0 | ||
| 008 | 170313b xxu||||| |||| 00| 0 eng d | ||
| 020 | _a9782765037583 | ||
| 040 |
_aMMU _bEng _cMMU _dMMU |
||
| 050 | _aHF1359 .B68 2012 | ||
| 100 | _aBouret, Renaud | ||
| 245 |
_aRelations e`conomiques internationales/ _cRenaud Bouret |
||
| 250 | _a5th e`d | ||
| 260 |
_aCanada: _bCheneliere Education, _c2012. |
||
| 300 |
_axii,316p.: _bill.; |
||
| 500 | _aun index | ||
| 504 | _acomprend des ref | ||
| 650 | _ageographie economique | ||
| 942 |
_2lcc _cLOAN LOAN |
||